Dictionary of Tourism / (Record no. 4258)
[ view plain ]
| 000 -LEADER | |
|---|---|
| fixed length control field | 00545 a2200169 4500 |
| 010 ## - LCCN (DPL NO) | |
| LC control number | ENG-86140 |
| 020 ## - INTERNATIONAL STANDARD BOOK NUMBER | |
| International Standard Book Number | 8174874550 |
| Terms of availability | 650.00 |
| 035 ## - SYSTEM CONTROL NUMBER | |
| System control number | EN-69673 |
| 037 ## - SOURCE OF ACQUISITION | |
| Source of stock number/acquisition | DBAD / PUB |
| 082 14 - DEWEY DECIMAL CLASSIFICATION NUMBER | |
| Classification number | 338.479103 |
| 100 1# - MAIN ENTRY--PERSONAL NAME | |
| Personal name | Verma, Anjali |
| 245 1# - TITLE STATEMENT | |
| Title | Dictionary of Tourism / |
| Statement of responsibility, etc | by Anjali Verma |
| 260 ## - PUBLICATION, DISTRIBUTION, ETC. (IMPRINT) | |
| Place of publication, distribution, etc | New Delhi |
| Name of publisher, distributor, etc | Radha Publications |
| Date of publication, distribution, etc | 2006 |
| 270 ## - ADDRESS | |
| Address | 423/1, Ansari Road, Daryaganj, |
| City | New Delhi |
| Postal code | 110002 |
| Telephone number | 011-2347003, 011-23254306 |
| Fax number | 91-011-23254306 |
| 300 ## - PHYSICAL DESCRIPTION | |
| Extent | 212 p. |
| Dimensions | 21cm. (Hb.) |
| 942 ## - ADDED ENTRY ELEMENTS (KOHA) | |
| Institution code [OBSOLETE] | dpl |
| Item type | English Books |
| Source of classification or shelving scheme | Dewey Decimal Classification |
| Classification part | 338.479103 |
| Call number suffix | VER |
| Withdrawn status | Lost status | Not for loan | Collection code | Home library | Current library | Source of acquisition | Cost, normal purchase price | Full call number | Barcode | Copy number | Cost, replacement price | Koha item type |
|---|---|---|---|---|---|---|---|---|---|---|---|---|
| Not For Loan | Non-fiction | D.B.Act.Division | D.B.Act.Division | DBAD/PUB | 650.00 | 338.479103 VER | EN-69673 | 1 | 650.00 | English Books |
